000 00527cam a22002291 4500
001 sa 63001167
003 DLC
005 20260227111926.0
008 940722s1962 ii 000 1 gujo
010 _asa 63001167
025 _aPL480:I-Gu-106
035 _a(OCoLC)30821402
040 _aDLC
_cCU
_dCU
_dDLC
042 _apremarc
050 0 0 _aPK1859.M45
_bP8
100 1 _aMehta, Rasik.
245 1 0 _aPushpadhanvā.
260 _c[1962]
300 _a295 p.
_c19 cm.
500 _aIn Gujarati.
500 _aA novel.
999 _c53842
_d53842